[Event "Druzynowe Mistrzostwa Polski Juniorow - II Liga"]
[Site "Iwonicz"]
[Date "2016-07-31"]
[Round "3.41"]
[White "Winter, Anna"]
[Black "Gredka, Dominika"]
[Result "0-1"]
[WhiteTitle "I"]
[BlackTitle "I++"]
[WhiteElo "1374"]
[BlackElo "1687"]

1. e4 e5 2. Nf3 d6 3. d4 exd4 4. Nxd4 Nf6 5. Nc3 Be7 6. Bc4 O-O 7. O-O Re8 8. h3
c6 9. a4 a5 10. Re1 Bf8 11. Bf1 Nbd7 12. g3 Nc5 13. Bg2 Qb6 14. b3 h6 15. Kh2
Bd7 16. f4 Re7 17. Nf5 Bxf5 18. exf5 Rxe1 19. Qxe1 Re8 20. Qf2 Qc7 21. Ba3 Qc8
22. Bxc5 dxc5 23. g4 Bd6 24. Kh1 Qc7 25. Rf1 Qb8 26. g5 hxg5 27. fxg5 Nh5 28.
Rd1 Ng3+ 29. Kg1 Be5 30. Rd3 Bd4 31. Rxd4 cxd4 32. Nd1 Qe5 33. Nb2 Nxf5 34. Nd3
Qe3 35. Qxe3 Nxe3 0-1

[Event "Druzynowe Mistrzostwa Polski Juniorow - II Liga"]
[Site "Iwonicz"]
[Date "2016-07-31"]
[Round "3.42"]
[White "Orlik, Sandra"]
[Black "Uliasz, Katarzyna"]
[Result "1-0"]
[WhiteTitle "I"]
[BlackTitle "II+"]
[WhiteElo "1519"]
[BlackElo "1097"]

1. d4 Nf6 2. Nf3 d6 3. c4 g6 4. Nc3 Bg7 5. e4 O-O 6. h3 c5 7. Be3 cxd4 8. Nxd4
Bd7 9. Qb3 Qc8 10. Be2 Nc6 11. Rd1 a6 12. f4 Nxd4 13. Bxd4 Bc6 14. Bxf6 Bxf6 15.
Nd5 Bxd5 16. Rxd5 Bh4+ 17. g3 Bf6 18. Kf1 Qc6 19. Qc2 Qb6 20. b3 Bd4 21. Qd1 Bf2
22. Kg2 Qe3 23. Qd3 Qxd3 24. Rxd3 Bc5 25. Rhd1 b5 26. Bf3 Rab8 27. cxb5 axb5 28.
a4 bxa4 29. bxa4 Ra8 30. Ra1 Rfb8 31. Rd2 Rb3 32. e5 Ra5 33. exd6 Bxd6 34. Rd5
Bb4 35. Rxa5 Bxa5 36. Bd1 Rb2+ 37. Kf3 Rh2 38. h4 Rh1 39. Rb1 Bc7 40. Rc1 Ba5
41. Rb1 Bc7 42. Rb7 Ba5 43. Be2 Ra1 44. Bb5 Ra3+ 45. Kf2 Ra2+ 46. Kf1 Ra1+ 47.
Kg2 Ra2+ 48. Kh3 e6 49. Be8 Kf8 50. Bxf7 Rxa4 51. Bxe6 h5 52. Bf7 Be1 53. Bb3
Rb4 54. Rf7+ Ke8 55. Bd5 Rd4 56. Rf6 Kd7 57. Bc6+ Ke7 58. Rxg6 Rd6 59. Rxd6 Kxd6
60. Be8 Bc3 61. Bxh5 Bg7 62. g4 Ke6 63. f5+ Kf6 64. Bg6 Bf8 65. g5+ Kg7 66. h5
Kh8 67. f6 Kg8 68. Bd3 Bd6 69. Kg4 Bf8 70. h6 Kh8 71. Kh5 Bd6 72. g6 Be5 73. g7+
Kg8 74. Bc4+ Kh7 75. g8=Q# 1-0

[Event "Druzynowe Mistrzostwa Polski Juniorow - II Liga"]
[Site "Iwonicz"]
[Date "2016-07-31"]
[Round "3.43"]
[White "Brozyna, Mateusz"]
[Black "Pyka, Slawomir"]
[Result "1-0"]
[WhiteTitle "I"]
[BlackTitle "I"]
[WhiteElo "1831"]
[BlackElo "1620"]

1. d4 d5 2. Nf3 Nf6 3. g3 c6 4. Bg2 g6 5. O-O Bg7 6. c4 O-O 7. Nc3 Bf5 8. Qb3 Bc8
9. Bf4 dxc4 10. Qxc4 Nd5 11. Be5 Be6 12. Bxg7 Kxg7 13. Ng5 Nc7 14. Nxe6+ Nxe6
15. Rad1 Nd7 16. e4 Nb6 17. Qd3 Nc7 18. f4 e6 19. f5 exf5 20. exf5 Ncd5 21. Ne4
Nd7 22. g4 h6 23. Nc5 Nxc5 24. dxc5 Nf6 25. Qc3 Qc7 26. Rd6 Qe7 27. Re1 Qxe1+
28. Qxe1 1-0

[Event "Druzynowe Mistrzostwa Polski Juniorow - II Liga"]
[Site "Iwonicz"]
[Date "2016-07-31"]
[Round "3.45"]
[White "Suder, Jakub"]
[Black "Gozdzicki, Maciej"]
[Result "1/2-1/2"]
[WhiteTitle "I"]
[BlackTitle "II"]
[WhiteElo "1751"]
[BlackElo "1514"]

1. e4 c5 2. Nf3 e6 3. d4 cxd4 4. Nxd4 a6 5. Bd3 Qc7 6. O-O Nf6 7. c4 b6 8. Nc3
Bb7 9. Qe2 d6 10. f4 Nc6 11. Be3 Be7 12. a3 O-O 13. Rac1 Rad8 14. f5 Nxd4 15.
Bxd4 e5 16. Nd5 Bxd5 17. cxd5 Qb8 18. Bf2 b5 19. Rc6 Qb7 20. a4 bxa4 21. Rb6 Qc7
22. Rc6 Qb7 23. Rb6 Qc7 24. Rxa6 Ra8 25. Rc6 Qb7 26. Rfc1 Rfc8 27. Bb5 Rxc6 28.
Bxc6 Qc7 29. Rc3 Ra5 30. g4 Qb8 31. g5 a3 32. bxa3 Qb1+ 33. Qe1 Qxe1+ 34. Bxe1
Nxe4 35. Re3 Bxg5 36. Rxe4 Rxa3 37. Ra4 Rxa4 38. Bxa4 Be3+ 39. Kg2 Bc5 40. Kf3
Kf8 41. Bf2 Bb4 42. Bh4 f6 43. Bf2 Ke7 44. Ke4 Ba3 45. h4 Kf7 46. Bc2 Ke7 47.
Ba4 Bb4 48. Bb5 Ba5 49. Be3 Kd8 50. Ba6 Kc7 51. Bc1 Kb6 52. Bc8 Bb4 53. Be3+ Kc7
54. Be6 Kb7 55. Bg8 h6 56. Bf7 Be1 57. Kf3 Bxh4 58. Kg4 Bg5 59. Bxg5 hxg5 60.
Kf3 Kb6 61. Bh5 Kc5 62. Ke4 Kc4 63. Bf3 Kc3 64. Ke3 Kc4 65. Bg2 Kc3 66. Be4 Kc4
67. Bf3 Kc3 68. Be2 Kc2 69. Bf3 Kc3 70. Bg2 Kc4 71. Be4 Kc3 72. Bd3 Kb4 73. Ke4
Kc3 74. Ke3 Kb4 75. Bf1 Kc3 76. Ba6 Kc2 77. Ke2 Kc3 78. Ke3 Kc2 79. Bd3+ Kc3 80.
Be2 1/2-1/2

[Event "Druzynowe Mistrzostwa Polski Juniorow - II Liga"]
[Site "Iwonicz"]
[Date "2016-07-31"]
[Round "3.46"]
[White "Majdanski, Maksymilian"]
[Black "Piwowarczyk, Bartlomiej"]
[Result "1-0"]
[WhiteTitle "II"]
[BlackTitle "II+"]
[WhiteElo "1515"]
[BlackElo "1425"]

1. e4 e5 2. Nf3 Nc6 3. Bb5 Nf6 4. O-O Bc5 5. Re1 Nd4 6. Nxd4 Bxd4 7. c3 Bb6 8.
d4 c6 9. dxe5 cxb5 10. exf6 Qxf6 11. Be3 Bxe3 12. Rxe3 O-O 13. e5 Qf5 14. Na3
a6 15. Qd6 f6 16. Rd1 Qe6 17. b3 Qf7 18. Rf3 Qe6 19. Re3 Qf7 20. Nc2 Qg6 21. Nb4
h6 22. Nd5 Qc2 23. Nxf6+ gxf6 24. Rg3+ Kf7 25. exf6 Qe4 26. Rg7+ Ke8 27. Re7+
1-0

[Event "Druzynowe Mistrzostwa Polski Juniorow - II Liga"]
[Site "Iwonicz"]
[Date "2016-07-31"]
[Round "3.47"]
[White "Kasperek, Kinga"]
[Black "Krzywnicka, Maria"]
[Result "0-1"]
[WhiteTitle "I"]
[BlackTitle "I+"]
[WhiteElo "1585"]
[BlackElo "1685"]

1. d4 Nf6 2. c4 c5 3. Nf3 e6 4. Nc3 a6 5. Bg5 cxd4 6. Nxd4 Be7 7. g3 O-O 8. Bg2
d6 9. O-O h6 10. Bc1 Nbd7 11. b3 Rb8 12. Bb2 Qc7 13. Qd2 Ne5 14. Rac1 Nc6 15.
Rfd1 Rd8 16. e3 Bd7 17. Qe2 Qa5 18. a3 Qg5 19. b4 d5 20. cxd5 exd5 21. h4 Qg6
22. Nxd5 Nxd5 23. Bxd5 Bxh4 24. Nxc6 Bxc6 25. Bxc6 bxc6 26. Rxd8+ Rxd8 27. Qc2
Rd6 28. Qxg6 Rxg6 29. Kf1 Be7 30. Bd4 Kf8 31. Ke2 Re6 32. Bc5 a5 33. bxa5 Bxc5
34. Rxc5 Ke7 35. a6 Kd6 36. a7 Re8 37. Ra5 Ra8 38. Kd3 Kc7 39. Kc4 Kb6 40. Ra4
c5 41. f3 h5 42. Kd5 Kb5 43. Rh4 Rxa7 44. a4+ Rxa4 45. Rxa4 Kxa4 46. Kxc5 g5 47.
Kd5 h4 0-1

[Event "Druzynowe Mistrzostwa Polski Juniorow - II Liga"]
[Site "Iwonicz"]
[Date "2016-07-31"]
[Round "3.48"]
[White "Partyka, Justyna"]
[Black "Laszczuk, Zuzanna"]
[Result "0-1"]
[WhiteTitle "II"]
[BlackTitle "I"]
[WhiteElo "1150"]
[BlackElo "1043"]

1. d4 d5 2. c4 c6 3. Nf3 e6 4. e3 Nf6 5. Bd3 Nbd7 6. O-O Bd6 7. Nc3 b6 8. Qe2 O-O
9. e4 dxe4 10. Nxe4 Bc7 11. Bg5 h6 12. Bh4 Bb7 13. Rac1 Re8 14. Rfe1 b5 15. c5
Qe7 16. b4 a5 17. a3 axb4 18. axb4 Ra4 19. Qd2 Rea8 20. Nc3 Rxb4 21. Nd5 cxd5
22. Qxb4 Bc6 23. Qb3 Rb8 24. Rb1 e5 25. Nxe5 Nxe5 26. f4 Qd7 27. fxe5 Nh5 28.
Rf1 Qg4 29. Be1 Qxd4+ 30. Kh1 Qxe5 31. g3 d4+ 32. Kg1 Qe3+ 33. Bf2 Qf3 34. Be4
Qxe4 35. Qxf7+ Kxf7 36. Bxd4+ Kg8 0-1

[Event "Druzynowe Mistrzostwa Polski Juniorow - II Liga"]
[Site "Iwonicz"]
[Date "2016-07-31"]
[Round "3.49"]
[White "Szydelko, Michal"]
[Black "Czerniawski, Krzysztof"]
[Result "0-1"]
[WhiteTitle "I"]
[BlackTitle "I"]
[WhiteElo "1622"]
[BlackElo "1904"]

1. e4 c5 2. Nf3 d6 3. d4 cxd4 4. Nxd4 Nf6 5. Nc3 Nc6 6. Be2 g6 7. Be3 Bg7 8. O-O
O-O 9. Nb3 Be6 10. f4 Na5 11. Nxa5 Qxa5 12. Bf3 Rac8 13. Qd2 Rfd8 14. Rfd1 Bg4
15. Qe2 Bxf3 16. Qxf3 a6 17. Rab1 Qc7 18. Rd2 b5 19. a3 a5 20. Nxb5 Qb7 21. Nd4
Qxe4 22. Qxe4 Nxe4 23. Re2 d5 24. c3 e6 25. Nf3 Rb8 26. Rc1 Rdc8 27. Bd4 Bxd4+
28. Nxd4 Kf8 29. c4 Nd6 30. c5 Nc4 31. Rcc2 a4 32. c6 Ke7 33. Kf2 Kd6 34. Nf3
Rxc6 35. Ng5 Ke7 36. Nf3 Rcb6 37. Ne5 Nxe5 38. fxe5 d4 39. Red2 d3 40. Rxd3 Rxb2
41. Rdc3 Rxc2+ 42. Rxc2 Rb3 43. Ra2 h5 44. Ke2 Rb5 45. Rc2 Rxe5+ 46. Kd3 Ra5 47.
Kc4 f5 48. Rb2 Kf6 49. Kb4 Ra7 50. Re2 g5 51. Kc4 e5 52. Re3 g4 53. h3 f4 54.
Re1 Kf5 55. hxg4+ hxg4 56. Kd3 Rd7+ 57. Ke2 Rb7 58. Rc1 Rb2+ 59. Kf1 Rb3 60. Ra1
e4 61. Ra2 f3 62. gxf3 gxf3 63. Kf2 Kf4 64. Kf1 Rb1+ 65. Kf2 e3# 0-1

[Event "Druzynowe Mistrzostwa Polski Juniorow - II Liga"]
[Site "Iwonicz"]
[Date "2016-07-31"]
[Round "3.50"]
[White "Fudalej, Slawomir"]
[Black "Sypien, Natan"]
[Result "1-0"]
[WhiteTitle "I"]
[BlackTitle "II"]
[WhiteElo "1597"]
[BlackElo "1461"]

1. e4 c5 2. Nf3 d6 3. d4 cxd4 4. Nxd4 Nf6 5. Nc3 g6 6. f3 Bg7 7. Be3 O-O 8. Qd2
Nc6 9. O-O-O Nxd4 10. Bxd4 Be6 11. g4 Qa5 12. Kb1 Rfc8 13. a3 Rab8 14. h4 b5 15.
Nd5 Qxd2 16. Nxf6+ Bxf6 17. Rxd2 Bxd4 18. Rxd4 Rc5 19. c3 h6 20. Be2 Kg7 21. f4
f6 22. Kc2 a5 23. b4 axb4 24. axb4 Rcc8 25. Ra1 Ra8 26. Rxa8 Rxa8 27. Bxb5 Ra2+
28. Kb1 Rg2 29. f5 Bf7 30. fxg6 Kxg6 31. Bd7 h5 32. b5 Ra2 33. gxh5+ Kxh5 34.
Be8 Bxe8 35. Kxa2 Bxb5 1-0

[Event "Druzynowe Mistrzostwa Polski Juniorow - II Liga"]
[Site "Iwonicz"]
[Date "2016-07-31"]
[Round "3.51"]
[White "Majocha, Piotr"]
[Black "Maciak, Jakub"]
[Result "1/2-1/2"]
[WhiteTitle "I"]
[BlackTitle "II"]
[WhiteElo "1751"]
[BlackElo "1582"]

1. d4 Nf6 2. c4 e6 3. g3 d5 4. Bg2 c6 5. Nf3 Bd6 6. O-O Nbd7 7. Qb3 O-O 8. Nc3
Re8 9. Re1 dxc4 10. Qxc4 e5 11. dxe5 Nxe5 12. Nxe5 Bxe5 13. Qb3 Qe7 14. Bg5 Be6
15. Qc2 Qc5 16. Bxf6 Bxf6 17. a3 Rad8 18. Rac1 Bxc3 19. Qxc3 Qxc3 20. Rxc3 Rd2
21. b4 Red8 22. f4 Rd1 23. Rxd1 Rxd1+ 24. Kf2 f6 25. Rd3 Rxd3 26. exd3 Kf7 27.
Ke3 Ke7 28. Kd4 Kd6 29. Be4 h6 30. Bf3 Bd7 31. Bg2 Be6 32. Be4 Bd7 33. Bg2 Be6
34. Be4 Bd7 35. Bf3 Be6 36. Bg2 Bd7 37. Be4 Be6 38. Bf3 Bd7 39. Bg2 Be6 40. Be4
Bd7 41. Bf3 Be6 42. Bg2 Bd7 43. Be4 Be6 44. Bf3 Bd7 45. Bg2 Be6 46. Be4 Bd7 47.
Bf3 Be6 48. Bd1 Bf5 49. Bf3 Be6 50. Bg2 Bf5 51. Bf3 Be6 52. Be4 Bd7 53. Bf3 Be6
54. Bd1 Bf5 55. Bf3 Be6 1/2-1/2

[Event "Druzynowe Mistrzostwa Polski Juniorow - II Liga"]
[Site "Iwonicz"]
[Date "2016-07-31"]
[Round "3.53"]
[White "Fajt, Patrycja"]
[Black "Wilant, Marta"]
[Result "1-0"]
[WhiteTitle "II"]
[BlackTitle "II"]
[WhiteElo "1069"]
[BlackElo "1306"]

1. e4 e5 2. Nf3 Nc6 3. d4 exd4 4. Nxd4 Qf6 5. Be3 Bc5 6. c3 a6 7. Qd2 h6 8. Nxc6
Qxc6 9. Bxc5 Qxc5 10. Qd4 Qxd4 11. cxd4 Nf6 12. Nc3 d6 13. Bd3 Be6 14. b3 b5 15.
d5 Bg4 16. h3 Bh5 17. Kd2 Bg6 18. f3 Nh5 19. Ne2 Bh7 20. Rac1 Kd8 21. Rc6 g5 22.
g4 Ng7 23. a4 bxa4 24. bxa4 a5 25. Rb1 Bg6 26. Rb7 Ne8 27. Ra6 Rxa6 28. Bxa6 h5
29. Rb8+ Ke7 30. Bb5 hxg4 31. hxg4 f6 32. Ra8 Rh1 33. Rxa5 Ra1 34. Kc2 Ra2+ 35.
Kb3 Ra1 36. Kb2 Re1 37. Nd4 Bxe4 38. fxe4 Rxe4 39. Nf5+ Kf7 40. Bxe8+ Kxe8 41.
Ra8+ Kd7 42. Nh6 Rd4 43. Ra5 Kc8 44. Kc3 Rf4 45. Kb3 Kb7 46. Rb5+ Ka7 47. Rb4
Ka6 48. Rc4 Rxc4 49. Kxc4 Ka5 50. Kb3 Kb6 51. Kb4 c5+ 52. dxc6 Kxc6 53. Kc4 Kb6
1-0

[Event "Druzynowe Mistrzostwa Polski Juniorow - II Liga"]
[Site "Iwonicz"]
[Date "2016-07-31"]
[Round "3.54"]
[White "Raczykowska, Paulina"]
[Black "Wasala, Wiktoria"]
[Result "1-0"]
[WhiteTitle "I+"]
[BlackTitle "I"]
[WhiteElo "1679"]
[BlackElo "1365"]

1. e4 e6 2. d4 d5 3. e5 c5 4. c3 Nc6 5. Nf3 Qb6 6. Bd3 Bd7 7. Bc2 cxd4 8. cxd4
Nb4 9. O-O Nxc2 10. Qxc2 Ne7 11. Nc3 Nc6 12. Be3 Na5 13. Rab1 Nc4 14. Qe2 Bb4
15. Ng5 h6 16. Qh5 g6 17. Qh3 Be7 18. Nf3 Nxe3 19. fxe3 O-O-O 20. Rfc1 Kb8 21.
b4 Ka8 22. b5 f5 23. exf6 Bxf6 24. Na4 Qd6 25. Nc5 g5 26. Nd3 e5 27. Qg3 Qa3 28.
Nfxe5 Bf5 29. Rb3 Qxa2 30. Rbc3 Bxd3 31. Nxd3 Qa5 32. Qf3 Rhf8 33. Qxf6 Qxc3 34.
Qxd8+ Rxd8 35. Rxc3 1-0

[Event "Druzynowe Mistrzostwa Polski Juniorow - II Liga"]
[Site "Iwonicz"]
[Date "2016-07-31"]
[Round "3.55"]
[White "Domanski, Lukasz"]
[Black "Guzik, Natalia"]
[Result "0-1"]
[WhiteTitle "I++"]
[BlackTitle "I++"]
[WhiteElo "2001"]
[BlackElo "1608"]

1. e4 c5 2. Nf3 e6 3. c3 d5 4. exd5 exd5 5. d4 Nc6 6. Be3 c4 7. b3 Be6 8. Ng5 cxb3
9. axb3 Nf6 10. Nxe6 fxe6 11. Nd2 Bd6 12. Nf3 O-O 13. Bd3 e5 14. dxe5 Nxe5 15.
Nxe5 Bxe5 16. O-O Bxc3 17. Rxa7 Rxa7 18. Bxa7 b6 19. Qc1 Bd4 20. Qc6 Rf7 21. Qa4
Bc5 22. Bb5 Ne4 23. Qa6 Nxf2 24. g3 Qf6 25. Be2 Qe6 0-1

[Event "Druzynowe Mistrzostwa Polski Juniorow - II Liga"]
[Site "Iwonicz"]
[Date "2016-07-31"]
[Round "3.56"]
[White "Bakalarczyk, Jakub"]
[Black "Norek, Bartosz"]
[Result "0-1"]
[WhiteTitle "I"]
[BlackTitle "II+"]
[WhiteElo "1591"]
[BlackElo "1686"]

1. c4 e5 2. g3 Nf6 3. Bg2 d5 4. cxd5 Nxd5 5. Nc3 Nb6 6. e3 Nc6 7. Nge2 Bf5 8. d4
exd4 9. Nxd4 Nxd4 10. Qxd4 Qxd4 11. exd4 O-O-O 12. Be3 Nc4 13. O-O Nxb2 14. Rfc1
Bd6 15. Nb5 Kb8 16. Nxd6 Rxd6 17. Rc3 b6 18. a4 a5 19. Bf1 Rhd8 20. Rb3 Nxa4 21.
Rxa4 Bc2 22. Raa3 Bxb3 23. Rxb3 Ka7 24. Rc3 Kb7 25. Bf4 R6d7 26. Bh3 Re7 27. Bg2+
Ka6 28. Bf1+ Kb7 29. Bg2+ Ka7 30. Be3 Ka6 31. Bf1+ Kb7 32. Bg2+ Kb8 33. d5 Red7
34. Bf3 Rxd5 35. Bxd5 Rxd5 36. Bf4 Rd7 37. Be5 f6 38. Bf4 Kb7 39. Kf1 c5 40. Ke2
Kc6 41. Rd3 Rxd3 42. Kxd3 g5 43. Bc1 Kd5 44. Bb2 f5 45. h3 c4+ 46. Ke3 b5 47.
g4 b4 48. Bf6 f4+ 49. Ke2 a4 50. f3 h6 51. Kd2 c3+ 52. Kc2 Kc4 53. Bg7 a3 54.
Bxh6 a2 0-1

[Event "Druzynowe Mistrzostwa Polski Juniorow - II Liga"]
[Site "Iwonicz"]
[Date "2016-07-31"]
[Round "3.57"]
[White "Norek, Maciej"]
[Black "Jagura, Norbert"]
[Result "0-1"]
[WhiteTitle "II"]
[BlackTitle "II"]
[WhiteElo "1200"]
[BlackElo "1505"]

1. e4 e6 2. d4 d5 3. Nd2 c5 4. exd5 exd5 5. Ngf3 Nc6 6. c3 Bd6 7. Bd3 Nge7 8. O-O
h6 9. Re1 O-O 10. a3 a5 11. Qc2 Qb6 12. dxc5 Bxc5 13. Re2 Be6 14. Nb3 Rac8 15.
Nxc5 Qxc5 16. Bf4 d4 17. c4 Bg4 18. Rae1 Bxf3 19. gxf3 Qh5 20. Bd6 Rce8 21. Re4
Qg6+ 22. Bg3 Qf6 23. Rf4 Qg5 24. Ree4 Ne5 25. Rxd4 N7c6 26. Rd5 Ne7 27. Rxa5 Nxf3+
28. Rxf3 Qxa5 29. Bd6 Rd8 30. c5 Nc6 31. Bxf8 Nd4 32. b4 Nxf3+ 33. Kf1 Qxa3 34.
Be7 Qa1+ 35. Ke2 Nd4+ 36. Kd2 Nxc2 37. Bxd8 Nxb4 38. Bb6 Qb2+ 39. Ke3 Qc3 40.
Ke4 Nxd3 41. Kd5 Nxf2 42. Kd6 Ne4+ 43. Kd5 f5 0-1

[Event "Druzynowe Mistrzostwa Polski Juniorow - II Liga"]
[Site "Iwonicz"]
[Date "2016-07-31"]
[Round "3.58"]
[White "Wojtasik, Szymon"]
[Black "Wielgus, Wojciech"]
[Result "1-0"]
[WhiteTitle "II"]
[BlackTitle "II"]
[WhiteElo "1240"]
[BlackElo "1118"]

1. e4 e5 2. Nf3 Nc6 3. d4 exd4 4. Nxd4 Bc5 5. Be3 Qf6 6. c3 Nge7 7. Bc4 O-O 8.
O-O Re8 9. Nb5 Bd6 10. f4 a6 11. e5 Qf5 12. Bd3 Qe6 13. Nd4 Nxd4 14. Bxd4 Nf5
15. Bxf5 Qxf5 16. exd6 c5 17. Bf2 b6 18. Bg3 Bb7 19. Nd2 Re6 20. Nf3 Rae8 21.
Re1 Rxe1+ 22. Nxe1 Re3 23. Nc2 Re8 24. Qd2 Qg6 25. Re1 Rxe1+ 26. Nxe1 h6 27. Qd3
Qe6 28. b3 Kh8 29. Bf2 Kg8 30. Qd2 Kh8 31. Nc2 Qg6 32. Ne3 Bc6 33. Be1 Kg8 34.
Nc4 f6 35. Nxb6 h5 36. Nc8 Qe8 37. Ne7+ Kf8 38. Nxc6 dxc6 39. d7 Qd8 40. Bf2 Ke7
41. Bxc5+ Kf7 42. Kh1 a5 43. Qd6 a4 44. Qf8+ Qxf8 45. Bxf8 Kxf8 46. d8=Q+ Kf7
47. bxa4 c5 48. a5 c4 49. a6 h4 50. a7 h3 51. gxh3 Kg6 52. a8=B Kh6 53. Qe8 g5
54. fxg5+ fxg5 55. Bf3 g4 56. Bxg4 Kg5 57. Qe5+ Kg6 58. Qf5+ Kg7 59. Bh5 Kg8 60.
Bg6 Kg7 61. Qg5 Kf8 62. Qf6+ Kg8 63. Qf7+ Kh8 64. Qh7# 1-0

[Event "Druzynowe Mistrzostwa Polski Juniorow - II Liga"]
[Site "Iwonicz"]
[Date "2016-07-31"]
[Round "3.59"]
[White "Hryn, Zofia"]
[Black "Bakalarczyk, Zuzanna"]
[Result "1-0"]
[WhiteTitle "I"]
[BlackTitle "I"]
[WhiteElo "1531"]
[BlackElo "1312"]

1. e4 e5 2. Nf3 Nc6 3. Bb5 Nf6 4. O-O d6 5. d4 exd4 6. Nxd4 Bd7 7. Bxc6 Bxc6 8.
Nxc6 bxc6 9. c4 Be7 10. Nc3 O-O 11. Bf4 Nd7 12. Qc2 Bf6 13. Rad1 Re8 14. Rfe1
Be5 15. Bg3 c5 16. f4 Bd4+ 17. Bf2 Bxf2+ 18. Qxf2 Qf6 19. Nd5 Qd8 20. Nc3 a6 21.
b3 Nf6 22. Qf3 Qd7 23. h3 h6 24. e5 Nh7 25. Ne4 Rad8 26. exd6 cxd6 27. Re2 Qc7
28. Red2 Re6 29. f5 Ree8 30. Rxd6 Rxd6 31. Rxd6 Rxe4 32. Rxa6 Ng5 33. Qd3 Qf4
34. Ra8+ Kh7 35. f6 gxf6 36. Re8 Kg7 37. Rxe4 Qxe4 38. Qxe4 Nxe4 39. a4 Nd6 40.
a5 Kf8 41. a6 Nc8 42. Kf2 Ke7 43. Kf3 Ke6 44. Kg4 f5+ 45. Kh5 f4 46. Kxh6 Kf5
47. Kh5 Na7 48. Kh4 Nc8 49. Kh5 Na7 50. h4 f6 51. Kh6 Kg4 52. h5 Kg3 53. Kg6 Kxg2
54. h6 f3 55. h7 f2 56. h8=Q f1=Q 57. Qa8+ Kg3 58. Qxa7 Qd3+ 59. Kg7 Qd6 60. Qb7
f5 61. a7 f4 62. a8=Q Qe5+ 63. Kg8 Qe6+ 64. Qf7 Qh3 65. Qg6+ Kf2 66. Qa2+ Ke3
67. Qg1+ Kd3 68. Qab1+ Kc3 69. Qge1+ Kd4 70. Qbe4# Qh4 71. Kf8# 1-0

[Event "Druzynowe Mistrzostwa Polski Juniorow - II Liga"]
[Site "Iwonicz"]
[Date "2016-07-31"]
[Round "3.60"]
[White "Matyjasek, Michalina"]
[Black "Hryn, Aleksandra"]
[Result "0-1"]
[WhiteTitle "II"]
[BlackTitle "I"]
[WhiteElo "1199"]
[BlackElo "1471"]

1. d4 Nf6 2. c4 e6 3. Nc3 Bb4 4. Bd2 O-O 5. Nf3 d5 6. Bf4 Nbd7 7. e3 Ne4 8. Qc2
c5 9. Nd2 cxd4 10. exd4 Ndf6 11. Bd3 Nxd2 12. Qxd2 b6 13. O-O Bb7 14. a3 Bxc3
15. Qxc3 dxc4 16. Bxc4 Rc8 17. a4 Nd5 18. Qg3 Nxf4 19. Qxf4 Rxc4 20. Rfd1 Qd5
21. Qg3 Rd8 22. h3 Rxd4 23. Rdc1 Rd3 24. Qg4 h5 25. Qxg7+ Kxg7 26. Kf1 Qxg2+ 27.
Ke1 Bf3 28. b4 Qg1# 0-1

[Event "Druzynowe Mistrzostwa Polski Juniorow - II Liga"]
[Site "Iwonicz"]
[Date "2016-07-31"]
[Round "3.61"]
[White "Zarnowski, Krzysztof"]
[Black "Gajewski, Marcin"]
[Result "1-0"]
[WhiteTitle "I++"]
[BlackTitle "II"]
[WhiteElo "2034"]
[BlackElo "1531"]

1. d4 Nf6 2. c4 e6 3. Nc3 Bb4 4. Qc2 Bxc3+ 5. Qxc3 b6 6. Qg3 Rg8 7. f3 Nc6 8. e3
d6 9. Bd3 Bb7 10. Bd2 e5 11. Ne2 exd4 12. exd4 Qe7 13. O-O O-O-O 14. Rfe1 Kb8
15. Qf2 Qf8 16. b4 g5 17. Ng3 Ne7 18. Ne4 Nxe4 19. fxe4 Qg7 20. a4 Rgf8 21. Rf1
Bc8 22. Qf6 Qxf6 23. Rxf6 Ng8 24. Rf2 h6 25. Raf1 f6 26. h4 g4 27. Rf4 h5 28.
Bc3 Rd7 29. d5 Rdf7 30. c5 Bd7 31. c6 Bc8 32. a5 a6 33. b5 Ka7 34. Bd4 axb5 35.
Bxb5 Ne7 36. Ra1 Kb8 37. axb6 1-0

[Event "Druzynowe Mistrzostwa Polski Juniorow - II Liga"]
[Site "Iwonicz"]
[Date "2016-07-31"]
[Round "3.62"]
[White "Gworys, Grzegorz"]
[Black "Kozubal, Aleksandra"]
[Result "1/2-1/2"]
[WhiteTitle "II"]
[BlackTitle "I++"]
[WhiteElo "1409"]
[BlackElo "1687"]

1. e4 c5 2. Nf3 Nc6 3. d4 cxd4 4. Nxd4 Qc7 5. Nc3 e6 6. Be2 Bb4 7. O-O Nf6 8. Ndb5
Qb8 9. a3 Be7 10. Kh1 a6 11. Nd4 O-O 12. f4 d6 13. Be3 Bd7 14. Qe1 b5 15. Qg3
b4 16. Nxc6 Bxc6 17. axb4 Nxe4 18. Nxe4 Bxe4 19. c3 Qb7 20. Bd4 g6 21. Bf3 Bxf3
22. Rxf3 Qd5 23. f5 e5 24. Be3 Kg7 25. Qh3 h5 26. Raf1 Bf6 27. Rg3 Kh7 28. Rgf3
Kg7 29. Rg3 Kh7 30. Rgf3 Kg7 31. Rg3 Kh7 1/2-1/2

[Event "Druzynowe Mistrzostwa Polski Juniorow - II Liga"]
[Site "Iwonicz"]
[Date "2016-07-31"]
[Round "3.63"]
[White "Bober, Tomasz"]
[Black "Strugacz, Michal"]
[Result "0-1"]
[WhiteTitle "II"]
[BlackTitle "III"]
[WhiteElo "1210"]
[BlackElo "1259"]

1. d4 d5 2. c4 e6 3. a3 Nf6 4. Nc3 Be7 5. Bf4 Bd6 6. Bxd6 Qxd6 7. e3 b6 8. f4 Bb7
9. Nf3 Ne4 10. Rc1 a6 11. Qc2 Nxc3 12. Qxc3 c6 13. c5 bxc5 14. Qxc5 Qxc5 15. Rxc5
Nd7 16. Rc3 O-O 17. Bd3 Rfc8 18. O-O c5 19. Rfc1 c4 20. Be2 Nb6 21. b3 cxb3 22.
Rxc8+ Rxc8 23. Rb1 Rc3 24. Bd1 f6 25. Rxb3 Rxb3 26. Bxb3 Bc6 27. Kf2 Kf7 28. Ke2
Ke7 29. Kd3 Kd6 30. Kc3 Nd7 31. Kb4 Kc7 32. Ka5 Kb7 33. Ne1 Bb5 34. a4 Be2 35.
Bc2 Nb8 36. Kb4 a5+ 37. Kc5 Kc7 38. Bd3 Bd1 39. Kb5 Nc6 40. Bxh7 Bh5 41. Bc2 Be8
42. Kc5 Nb4 43. Bd3 Bxa4 44. Bb5 Bd1 45. Be8 Be2 46. Bb5 Bd1 47. Bd3 Ba4 48. Be2
Bd7 49. Bb5 Bc8 50. Be8 Ba6 51. Bb5 Bc8 52. g4 Na2 53. h4 Nc3 54. h5 Ne4# 0-1

[Event "Druzynowe Mistrzostwa Polski Juniorow - II Liga"]
[Site "Iwonicz"]
[Date "2016-07-31"]
[Round "3.64"]
[White "Binek, Dawid"]
[Black "Tomkiewicz, Szymon"]
[Result "1-0"]
[WhiteTitle "II"]
[BlackTitle "II"]
[WhiteElo "1288"]
[BlackElo "1268"]

1. Nf3 Nc6 2. d4 d5 3. g3 g6 4. Bg2 Bg7 5. O-O Nf6 6. e3 e6 7. Nbd2 O-O 8. b3 Re8
9. c4 b6 10. Bb2 Ba6 11. Qc2 Nd7 12. Rfc1 Rb8 13. a3 Na5 14. cxd5 exd5 15. Qxc7
Nc5 16. Qxd8 Rexd8 17. Rc3 Nd3 18. Rb1 Rbc8 19. Rxc8 Rxc8 20. Bf1 Rc2 21. Bxd3
Bxd3 22. b4 Nc6 23. Rc1 Rxc1+ 24. Bxc1 Kf8 25. Ne1 Ba6 26. Nb1 Bc8 27. Nc3 Ne7
28. Bb2 a6 29. Nd3 Ke8 30. Nf4 Bb7 31. Kf1 Bh6 32. Nd3 f6 33. Na4 a5 34. Nxb6
Ba6 35. Ke2 axb4 36. axb4 Kd8 37. Na4 Nc6 38. Bc3 Kc7 39. Nac5 f5 40. Nxa6+ Kb6
41. Nac5 Kb5 42. Ne5 Nxb4 43. Bxb4 Kxb4 44. Ncd3+ Kb5 45. Nf4 Kb6 46. Nxd5+ Kb7
47. Nf6 Kc7 48. Nxh7 Kd6 49. Nf7+ Ke6 50. Nxh6 Ke7 51. e4 fxe4 52. Ke3 Ke6 53.
Kxe4 Kd6 54. f4 Ke6 55. d5+ Ke7 56. Ke5 g5 57. fxg5 Kd7 58. g6 Ke7 59. g7 Ke8
60. g8=Q+ Ke7 61. Qe6+ Kd8 62. Nf7+ Kc7 63. Qc6+ Kb8 64. Nd6 Ka7 65. Qb7# 1-0

[Event "Druzynowe Mistrzostwa Polski Juniorow - II Liga"]
[Site "Iwonicz"]
[Date "2016-07-31"]
[Round "3.65"]
[White "Jurkiewicz, Zuzanna"]
[Black "Mielczarek, Joanna"]
[Result "0-1"]
[WhiteTitle "I+"]
[BlackTitle "I"]
[WhiteElo "1657"]
[BlackElo "1552"]

1. e4 e5 2. Nf3 Nc6 3. Bb5 Nge7 4. O-O g6 5. c3 Bg7 6. d4 exd4 7. cxd4 a6 8. Ba4
b5 9. Bc2 O-O 10. Re1 d6 11. h3 Bb7 12. Be3 f5 13. exf5 Nxf5 14. Bg5 Qd7 15. Bb3+
d5 16. Ne5 Nxe5 17. dxe5 Rae8 18. Bf4 c5 19. Nd2 c4 20. Bc2 Nd4 21. Bg3 Nxc2 22.
Qxc2 d4 23. f3 Qd5 24. Rad1 Bxe5 25. Bxe5 Rxe5 26. Ne4 Qd8 27. a3 Rfe8 28. g3
Bxe4 29. fxe4 d3 30. Qg2 Qd4+ 31. Kh2 Rxe4 32. Rxe4 Rxe4 33. Kh1 Re2 34. Qa8+
Kg7 35. Qb7+ Kh6 36. Qf3 Rf2 37. Qa8 Qxb2 0-1

[Event "Druzynowe Mistrzostwa Polski Juniorow - II Liga"]
[Site "Iwonicz"]
[Date "2016-07-31"]
[Round "3.66"]
[White "Gorna, Anna"]
[Black "Mazurek, Maja"]
[Result "0-1"]
[WhiteTitle "III"]
[BlackTitle "II"]
[WhiteElo "1078"]
[BlackElo "1103"]

1. e4 e5 2. Nf3 d6 3. d3 Be7 4. Nc3 Nf6 5. Be2 O-O 6. O-O Nc6 7. h3 Be6 8. Be3
Nd7 9. Qd2 f6 10. d4 Bf7 11. d5 Nb4 12. a3 Na6 13. Na2 Nac5 14. Bd3 Bg6 15. Bxc5
Nxc5 16. Rfe1 Be8 17. c4 Nb3 18. Qc2 Nxa1 19. Rxa1 Bd7 20. Nd2 Qe8 21. Rf1 Qg6
22. g4 Qh6 23. Kg2 Kh8 24. f3 Qh4 25. Nb3 Rg8 26. c5 Rab8 27. Nb4 g6 28. c6 bxc6
29. dxc6 Be6 30. Bc4 Bxc4 31. Qxc4 Rbf8 32. Qe6 f5 33. Nd5 Bd8 34. exf5 gxf5 35.
Nd2 Qg5 36. f4 exf4 37. Rxf4 Re8 38. Qc8 Re2+ 39. Rf2 Rxf2+ 40. Kxf2 Qxd2+ 41.
Kf3 Qxd5+ 42. Kf2 Bh4+ 43. Ke2 Rxc8 0-1